KOHA-Header-6

Linear Algerbra and its applications (Record no. 387)

000 -LEADER
fixed length control field 00300nam a2200121Ia 4500
008 - FIXED-LENGTH DATA ELEMENTS--GENERAL INFORMATION
fixed length control field 190722s9999 xx 000 0 und d
020 ## - INTERNATIONAL STANDARD BOOK NUMBER
International Standard Book Number 9788177583335
100 ## - MAIN ENTRY--PERSONAL NAME
Personal name David C. Lay
245 #0 - TITLE STATEMENT
Title Linear Algerbra and its applications
260 ## - PUBLICATION, DISTRIBUTION, ETC. (IMPRINT)
Place of publication, distribution, etc New Delhi
Name of publisher, distributor, etc Pearson Co.
Date of publication, distribution, etc 2003
300 ## - PHYSICAL DESCRIPTION
Extent 492
942 ## - ADDED ENTRY ELEMENTS (KOHA)
Koha item type Books
Holdings
Withdrawn status Lost status Damaged status Not for loan Collection code Permanent Location Current Location Shelving location Date acquired Total Checkouts Total Renewals Full call number Barcode Date last seen Date checked out Price effective from Koha item type
        Mathematics MAJU MAJU Shelf No.B31 2019-07-22 3 8 512 7013 2023-11-14 2023-10-13 2019-07-22 Mathematics

Powered by Koha